000 00678nam a22002297a 4500
999 _c157735
_d157735
003 dpl
005 20180927150110.0
008 180927b ||||| |||| 00| 0 eng d
010 _aA-943619
020 _a8185402698
_c00.00
035 _aA-943619
040 _aDPL
_bEN
_c0
082 _a080
_bVAJ
100 _aVajpayee, Atal Bihari
245 _aFour decades in parliament/
_cby Atal bihari vajpayee;edited by N.M. Ghatate
260 _aDelhi
_bShipra Publications
_c1996
270 _a115 A, vikas marg, shakarpur
_bDelhi
_e110092
300 _a759p.
_c23cm (hb)
500 _aInclude index
700 _aGhatate, N.M.
942 _2ddc
_cEN
_h080
_mVAJ